| 000 | 00497nam a2200181Ia 4500 | ||
|---|---|---|---|
| 005 | 20240319144418.0 | ||
| 008 | 131103s9999 xx 000 0 und d | ||
| 040 | _aLoreto College | ||
| 041 | _aEnglish | ||
| 082 |
_a150 _bMOR |
||
| 100 | _aMoray, Neville | ||
| 245 |
_aAttention _b Selective Processes in Vision and Hearing _cNeville Moray |
||
| 260 |
_aLondon _bHutchinson Educational _c1969 |
||
| 300 |
_aviii,218p. _b ill. |
||
| 650 | _aPsychology | ||
| 850 | _aLCBED | ||
| 942 | _cBK | ||
| 999 |
_c26902 _d77381 |
||